Statistics for NBA 2021-2022 MVP Race by Week

Click here to take the quiz!

General Stats

  • This quiz has been taken 414 times
    (387 since last reset)
  • The average score is 17 of 23

Answer Stats

WeeksAnswer% Correct
15Nikola Jokić
99%
15G. Antetokounmpo
97%
3Joel Embiid
96%
15Stephen Curry
96%
5LeBron James
95%
14Kevin Durant
91%
9Luka Dončić
89%
1Jayson Tatum
87%
8Chris Paul
83%
3Devin Booker
83%
8Ja Morant
78%
6Jimmy Butler
77%
13DeMar DeRozan
74%
6Paul George
72%
5Donovan Mitchell
70%
1Jaylen Brown
69%
2Zach LaVine
66%
1Karl-Anthony Towns
64%
6Rudy Gobert
63%
4LaMelo Ball
60%
2Julius Randle
43%
3Deandre Ayton
28%
5Jarrett Allen
25%

Score Distribution

Percentile by Number Answered

Percent of People with Each Score

Your Score History

You have not taken this quiz since the last reset